Регионална библиотека "Любен Каравелов" - Русе

Творческата личност в литературата (Запис номер 341517)

MARC детайли
000 -Лидер
Контролно поле с фиксирана дължина 01091nam a2200253 a 4500
003 - Код на организацията, давaща контролен номер
Контролно поле BLK
005 - Дата и час на последна редакция
Контролно поле 20240312093355.0
008 - Елементи от данни с фиксирана дължина
fixed length control field 180911b bul|||||r ||||||| ||bul||
010 ## - Наследен системен номер
LC control number 000091
040 ## - Източник на каталожния запис
Идентификатор на билиотеката - собственик на записа BLK
041 ## - Код за език
Код за езика на текст/звукозапис или на отделно заглавие Български
Код за езика КДБФ Български
080 ## - УДК
УДК - код + определител 821.163.2.09
Текстов определител УДК Българска литература
УДК код - определител по УДК 821.163.2
УДК определител .09
100 1# - Редна дума - Автор
Автор Арнаудов, Михаил Петров
R(LIN) 33558
245 00 - Сведения за заглавието
Заглавие Творческата личност в литературата
Подзаглавни данни Ректорска реч, произнесена на 6. дек. 1935 г.
Редно поле (дума) М. Арнаудов
260 ## - Област на издателските данни
Място на издаване, разпространение и проч. София
Година на издаване 1929
Печатница (София : Придворна печ.)
300 ## - Физическа характеристика
Страници с. 37-57
Размери/Мащаб 23 см
380 ## - Жанр
Жанр Литературознание
490 ## - СЕРИИ (Колекции)
Име на серия Частна колекция - Академик Михаил Арнаудов
Бележки за серията Дарение - Основен фонд
500 ## - Общи забележки
Забележка Отпеч. от Год. на СУ. Официален отдел,1934-1935. - Корекции в текста
852 ## - Местоположение
Форматна сигнатура МА 4917
999 ## - СИСТЕМНИ КОНТРОЛНИ НОМЕРА
Koha biblionumber 341517
Koha biblioitemnumber 341517
942 ## - АРТИКУЛИ
Вид на библиотечния материал Книги
Скрит в OPAC Не
Периодичен библиозапис Да
944 ## - СЪЗДАВАНЕ И РЕДАКЦИЯ на ЗАПИСА
Създаване/Редакция Създаване
Дата на регистрацията/редакция 1994
Служител, извършил регистрацията/редакцията 30560
Статус, дата на статуса Геновева Генчева
999 ## - СИСТЕМНИ КОНТРОЛНИ НОМЕРА
Koha biblioitemnumber 341517
Наличности
Код за отписване Код за изгубен артикул Източник на класификационната схема Код за повреда Код за отдаване Артикулен № Име на библиотеката - собственик Име на библиотеката, в която се намира в момента Статус (Текущо местоположение) Дата на вписване в системата Местоположение - отдел Цена в лева Систематично азбучна сигнатура Баркод Цена в евро Служебен тип на артикула
  Не е изгубен Universal Decimal Classification Не е повреден Специални фондове ( старопечатни, редки и ценни, фонд М. Арнаудов) 747754 Регионална библиотека "Любен Каравелов" Русе Регионална библиотека "Любен Каравелов" Русе Фонд "Михаил Арнаудов" 2019-10-21 Фонд "Михаил Арнаудов" 15.00 МА 4917 120000836981 7.67 Книги
Vip Innovations Ltd, Rousse, Bulgaria 2025